|
LDR
| 02439nam a2200685 a 4500 |
|---|
| 001 | 54688 |
|---|
| 003 | CZ-PrJAB |
|---|
| 005 | 20121012093743.0 |
|---|
| 007 | ta |
|---|
| 008 | 120716s2012 xr a f 000 0 cze |
|---|
| 015 | | . |
‡acnb002387147 |
|---|
| 020 | | . |
‡a978-80-86018-39-3
‡q(váz.)
‡z978-80-860-18-39-3 |
|---|
| 035 | | . |
‡a(CZ PrNK)nkc20122387147 |
|---|
| 035 | | . |
‡a(OCoLC)817047862 |
|---|
| 040 | | . |
‡aABA001
‡bcze |
|---|
| 041 | 1 | . |
‡acze
‡aheb
‡hheb |
|---|
| 072 | | 7. |
‡a2-23/-27
‡xBible. Biblistika
‡2Konspekt
‡95 |
|---|
| 080 | | . |
‡a2-236.5
‡2MRF |
|---|
| 080 | | . |
‡a2-276.63
‡2MRF |
|---|
| 080 | | . |
‡a511:165.212
‡2MRF |
|---|
| 080 | | . |
‡a524.8
‡2MRF |
|---|
| 080 | | . |
‡a133
‡2MRF |
|---|
| 080 | | . |
‡a133:514.1
‡2MRF |
|---|
| 080 | | . |
‡a133.5:51
‡2MRF |
|---|
| 080 | | . |
‡a26-587
‡2MRF |
|---|
| 080 | | . |
‡a2-474
‡2MRF |
|---|
| 080 | | . |
‡a2-277.2
‡2MRF |
|---|
| 080 | | . |
‡a(048.8)
‡2MRF |
|---|
| 100 | 1 | . |
‡aMoučka, Ladislav
‡7kpwa6353
‡4aut |
|---|
| 245 | 1 | 0. |
‡aNachaš :
‡bhad Mojžíšovy knihy Genesis : o počátku a konci biblického času, návratu ke Stromu života a naději /
‡cLadislav Moučka |
|---|
| 246 | 3 | . |
‡aNachaš - had Mojžíšovy knihy Genesis |
|---|
| 246 | 3 | 0. |
‡aHad Mojžíšovy knihy Genesis |
|---|
| 250 | | . |
‡aVyd. 1. |
|---|
| 260 | | . |
‡aPraha :
‡bPůdorys,
‡c2012 |
|---|
| 300 | | . |
‡a394 s. :
‡bil. ;
‡c24 cm |
|---|
| 504 | | . |
‡aObsahuje bibliografii |
|---|
| 546 | | . |
‡aČást. v hebrejském originále se souběžným českým překladem |
|---|
| 630 | 0 | 7. |
‡aBible
‡7unn2006374667
‡2czenas |
|---|
| 650 | 0 | 7. |
‡abiblické události
‡7ph138437
‡2czenas |
|---|
| 650 | 0 | 7. |
‡abiblická symbolika
‡7ph138439
‡2czenas |
|---|
| 650 | 0 | 7. |
‡ačíselná symbolika
‡7ph165767
‡2czenas |
|---|
| 650 | 0 | 7. |
‡akosmologie
‡7ph114989
‡xesoterické pojetí
‡2czenas |
|---|
| 650 | 0 | 7. |
‡asakrální geometrie
‡7ph124417
‡2czenas |
|---|
| 650 | 0 | 7. |
‡aaritmosofie
‡7ph118606
‡2czenas |
|---|
| 650 | 0 | 7. |
‡akabala
‡7ph114852
‡2czenas |
|---|
| 650 | 0 | 7. |
‡abiblická interpretace
‡7ph118847
‡2czenas |
|---|
| 650 | 0 | 7. |
‡abiblické citáty
‡7ph118853
‡2czenas |
|---|
| 650 | 0 | 9. |
‡aBiblical events
‡2eczenas |
|---|
| 650 | 0 | 9. |
‡aBiblical symbolism
‡2eczenas |
|---|
| 650 | 0 | 9. |
‡asymbolism of numbers
‡2eczenas |
|---|
| 650 | 0 | 9. |
‡acosmology
‡xesoteric approach
‡2eczenas |
|---|
| 650 | 0 | 9. |
‡asacred geometry
‡2eczenas |
|---|
| 650 | 0 | 9. |
‡aaritmosophy
‡2eczenas |
|---|
| 650 | 0 | 9. |
‡acabala
‡2eczenas |
|---|
| 650 | 0 | 9. |
‡aBiblical interpretation
‡2eczenas |
|---|
| 650 | 0 | 9. |
‡aBiblical quotations
‡2eczenas |
|---|
| 655 | | 7. |
‡amonografie
‡7fd132842
‡2czenas |
|---|
| 655 | | 9. |
‡amonographs
‡2eczenas |
|---|
| 910 | | . |
‡aABE461 |
|---|
| 995 | | . |
‡aska |
|---|
| 901 | | . |
‡a54688
‡bAUTOGEN
‡c54688
‡tbiblio |
|---|